Visualizzazione normale
Vista MARC
- Franciscanos
di Corporate Name
Records bibliografici associati: 1
001 - CONTROL NUMBER
- control field: 51652
003 - CONTROL NUMBER IDENTIFIER
- control field: IT-RoINE
005 - DATE AND TIME OF LATEST TRANSACTION
- control field: 20180716070333.0
008 - FIXED-LENGTH DATA ELEMENTS
- fixed length control field: 180716|| aca||aabn | a|a d
040 ## - CATALOGING SOURCE
- Original cataloging agency: IT-RoINE
- Transcribing agency: IT-RoINE
110 ## - HEADING--CORPORATE NAME
- Corporate name or jurisdiction name as entry element: Franciscanos
- General subdivision: Historia
- Chronological subdivision: Siglo 18o.
670 ## - SOURCE DATA FOUND
- Source citation: Work cat.: (IT-RoINE)0: Appolis, Émile, 1903-1980 51651, Le "tiers parti" catholique au XVIIIe siècle :, 1960.